000 05958namaa22004451i 4500
003 EG-GICUC
005 20260303103550.0
008 260221s2025 ua a|||frm||| 000 0 eng d
040 _aEG-GICUC
_beng
_cEG-GICUC
_dEG-GICUC
_erda
041 0 _aeng
_beng
_bara
049 _aDeposit
082 0 4 _a617.56520592
092 _a617.56520592
_221
097 _aM.Sc
099 _aCai01.11.31.M.Sc.2025.Sa.M
100 0 _aSamar Khaled Abd El monem,
_epreparation.
245 1 0 _aMultislice CT pulmonary findings in post liver transplant patients /
_cby Samar Khaled Abd El monem ; Supervised Prof. Dr. Iman Mohammed Hamdy, Dr. Dina Mahmoud Al-Najjar, Prof .Dr. Hebatallah Hany Assal.
246 1 5 _aنتائج التصوير الرئوي المقطعي المحسوب متعدد الشرائح بعد زراعة الكبد
264 0 _c2025.
300 _a79 pages :
_billustrations ;
_c25 cm. +
_eCD.
336 _atext
_2rda content
337 _aUnmediated
_2rdamedia
338 _avolume
_2rdacarrier
502 _aThesis (M.Sc)-Cairo University, 2025.
504 _aBibliography: pages 66-79.
520 3 _a Liver transplantation is a life-saving procedure for patients with end-stage liver disease, but it can be associated with pulmonary complications that impact morbidity and mortality rates. Radiology has undoubtedly contributed to the development and success of liver transplantation. LDLT requires intensive radiological evaluation to detect intra or post operative complications. Methods: This study included 28 adult patients who underwent LDLT with pulmonary symptoms and on whom MSCT of the chest was performed after beginning of symptoms. We evaluated the outcome of radiographically determined pulmonary complications. Three radiologists analysed the CT images; final decisions regarding the findings were reached by consensus. Results: In our study pleural effusion was the most common disease affecting 92.85% of the study group and 50% of them had bilateral pleural effusion . Pneumonia was diagnosed in 28.57% of patients, while pulmonary edema was diagnosed in 7.1% of cases. The most common parenchymal findings in the study group were reticulations seen in 21 patients, pericardial effusion in 53.57% , and ground glass opacities in 42.85% of cases. Conclusions: Although the incidence of pulmonary complication in liver recipients was relatively low, the mortality rate in patients who developed this complication was high. MSCT is a sensitive diagnostic tool for detecting various pulmonary infectious and non-infectious diseases . Early detection and management of these complications can significantly improve patient outcomes. reducing morbidity and mortality in this vulnerable population.
520 3 _aتُعد زراعة الكبد إجراءً منقذًا للحياة للمرضى الذين يعانون من مرض الكبد في مراحله النهائية، لكنها قد ترتبط بمضاعفات رئوية تؤثر على معدلات الإصابة والوفيات. لقد ساهم علم الأشعة بلا شك في تطور ونجاح زراعة الكبد. تتطلب زراعة الكبد من متبرع حي تقييمًا إشعاعيًا مكثفًا لاكتشاف المضاعفات داخل أوبعد العملية. الطرق: شملت هذه الدراسة 28 مريضًا بالغًا خضعوا لزراعة كبد من متبرع حي وظهرت لديهم أعراض تنفسية، وقد أُجري لهم تصوير مقطعي محوسب متعدد الشرائح للصدر بعد بداية الأعراض. قمنا بتقييم نتائج المضاعفات الرئوية التي تم تحديدها بالأشعة،. قام اختصاصيان في الأشعه بتحليل صور الاشعه المقطعية وتم التوصل الي التشخيص النهائي بالتوافق بينهما. النتائج: في دراستنا، كان الارتشاح الجنبي (الانصباب البلوري) هو المرض الأكثر شيوعًا، حيث أثر على 92.85% من مجموعة الدراسة، وكان نصفهم يعاني من ارتشاح جنبي ثنائي الجانب. تم تشخيص الالتهاب الرئوي لدى 28.57% من المرضى، بينما تم تشخيص وذمة الرئة في 7.1% من الحالات. وكانت أكثر التغيرات في نسيج الرئة شيوعًا في المجموعة: التليف الشبكي في 21 مريضًا، والانصباب التاموري في 53.57%، كما لوحظ ظلال الزجاج المصنفر في 42.85%من المرضى الخلاصه:يُعد التصوير المقطعي المحوسب متعدد الشرائح أداة تشخيصية حساسة لاكتشاف الأمراض الرئوية المعدية وغير المعدية. يمكن أن يؤدي الكشف المبكر والتعامل السريع مع هذه المضاعفات إلى تحسين كبير في نتائج المرضى، من خلال تقليل معدلات المراضة والوفيات في هذه الفئة الضعيفة من المرضى.
530 _aIssues also as CD.
546 _aText in English and abstract in Arabic & English.
650 0 _aLiver Transplantation
650 0 _aزراعة الكبد
653 1 _aPulmonary
_aLiver Transplantation
_aMSCT
_aComplications
_aRecipients
_aالرئة
_aزراعة الأعضاء
700 0 _aIman Mohammed Hamdy
_ethesis advisor.
700 0 _aDina Mahmoud Al-Najjar
_ethesis advisor.
700 0 _aHebatallah Hany Assal
_ethesis advisor.
900 _b01-01-2025
_cIman Mohammed Hamdy
_cDina Mahmoud Al-Najjar
_cHebatallah Hany Assal
_UCairo University
_FFaculty of Medicine
_DDepartment of Diagnostic and Interventional Radiology
905 _aShimaa
_eEman Ghareb
942 _2ddc
_cTH
_e21
_n0
999 _c178625